Регионална библиотека "Любен Каравелов" - Русе

Ансамблови пиеси за дървени духови инструменти и валдхорна [Нотирана музика] (Запис номер 351487)

MARC детайли
000 -Лидер
Контролно поле с фиксирана дължина 01854ncm a2200373 a 4500
003 - Код на организацията, давaща контролен номер
Контролно поле BLK
005 - Дата и час на последна редакция
Контролно поле 20250329160042.0
008 - Елементи от данни с фиксирана дължина
fixed length control field 200330b bu ||||| |||| 00| 0 bu d
040 ## - Източник на каталожния запис
Идентификатор на билиотеката - собственик на записа BLK
041 ## - Код за език
Код за езика на текст/звукозапис или на отделно заглавие Български
Код за езика КДБФ Български
080 ## - УДК
Текстов определител УДК Музика за духови инструменти
УДК код - определител по УДК 788
УДК - код + определител 788
139 ## - Редно поле
Редна дума Ансамблови пиеси за дървени духови инструменти и валдхорна [Нотирана музика]
Авторски знак Анс - А 73
245 ## - Сведения за заглавието
Заглавие Ансамблови пиеси за дървени духови инструменти и валдхорна [Нотирана музика]
Подзаглавни данни Ч. 1-2
Редно поле (дума) състав. и прераб. Тодор Попов
Том Ч. 1
260 ## - Област на издателските данни
9 (RLIN) 209548
Място на издаване, разпространение и проч. София
Име на издателя, разпространителя и проч. Наука и изкуство
Година на издаване 1968-1971
300 ## - Физическа характеристика
Размери/Мащаб 31 см
380 ## - Жанр
Жанр Изкуство
505 ## - Форматирана забележка
Авторската отговорност С. Прокофиев.
Заглавие Пет мимолетности
505 ## - Форматирана забележка
Авторската отговорност Клод Дебюси.
Заглавие Малкото овчарче
505 ## - Форматирана забележка
Авторската отговорност Едвард Григ
Заглавие Танц на елфите ; Норвежки танц ; Менует ; Птичка
650 #0 - Допълнително описание по предмет – тема
Основно описание – тема или топоним Духови музикални инструменти
9 (RLIN) 275013
650 #0 - Допълнително описание по предмет – тема
9 (RLIN) 362392
Основно описание – тема или топоним Валдхорна - сонати, пиеси
650 #0 - Допълнително описание по предмет – тема
9 (RLIN) 354027
Основно описание – тема или топоним Ансамбли - камерни
650 #0 - Допълнително описание по предмет – тема
Основно описание – тема или топоним Оркестри, струнни инструменти
9 (RLIN) 353168
653 #7 - Ключова дума – ненормативна
9 (RLIN) 193747
Ключова дума пиеси
653 #7 - Ключова дума – ненормативна
9 (RLIN) 185612
Ключова дума духови оркестри
653 #7 - Ключова дума – ненормативна
9 (RLIN) 185611
Ключова дума духови музикални инструменти
653 #7 - Ключова дума – ненормативна
9 (RLIN) 182842
Ключова дума валдхорни
700 ## - Други автори (авторска отговорност)
9 (RLIN) 402925
Лично име Попов, Тодор Иванов
Автороска отговорност (Описва отношението между автора и произведението) състав. и прераб.
760 ## - Описание на основната серия
Място на издаване, издател и година 1968
Страници - том 35 с.
Част - том Ч. 1
Заглавие Ч. 1
852 ## - Местоположение
Форматна сигнатура Цб М ІІ 4900
Фондова буква Отдел Изкуство - подръчен фонд
999 ## - СИСТЕМНИ КОНТРОЛНИ НОМЕРА
Koha biblionumber 351487
Koha biblioitemnumber 351487
942 ## - АРТИКУЛИ
Вид на библиотечния материал Нотни издания
Скрит в OPAC Не
Периодичен библиозапис Да
944 ## - СЪЗДАВАНЕ И РЕДАКЦИЯ на ЗАПИСА
Създаване/Редакция Създаване
Дата на регистрацията/редакция 2020-04-04
Статус, дата на статуса Геновева Генчева
Служител, извършил регистрацията/редакцията 30560
999 ## - СИСТЕМНИ КОНТРОЛНИ НОМЕРА
Koha biblioitemnumber 351487
Наличности
Код за отписване Код за изгубен артикул Източник на класификационната схема Код за повреда Коз за рестрикции Код за отдаване Артикулен № Име на библиотеката - собственик Име на библиотеката, в която се намира в момента Статус (Текущо местоположение) Дата на вписване в системата Местоположение - отдел Цена в лева Инвентарен номер Систематично азбучна сигнатура Баркод Цена в евро Служебен тип на артикула
  Не е изгубен Universal Decimal Classification Не е повреден без рестрикции заемане за дома 758806 Регионална библиотека "Любен Каравелов" Русе Регионална библиотека "Любен Каравелов" Русе Отдел Изкуство - подръчен фонд 2020-04-06 Отдел Изкуство - подръчен фонд 1.35 16504/68 788/А 73 900000004237 0.69 Нотни издания
  Не е изгубен Universal Decimal Classification Не е повреден без рестрикции заемане за дома 758807 Регионална библиотека "Любен Каравелов" Русе Регионална библиотека "Любен Каравелов" Русе Отдел Изкуство - подръчен фонд 2020-04-06 Отдел Изкуство - подръчен фонд 1.35 16506/68 788/А 73 900000004239 0.69 Нотни издания
  Не е изгубен Universal Decimal Classification Не е повреден без рестрикции заемане за дома 758808 Регионална библиотека "Любен Каравелов" Русе Регионална библиотека "Любен Каравелов" Русе Отдел Изкуство - подръчен фонд 2020-04-06 Отдел Изкуство - подръчен фонд 1.35 16505/68 788/А 73 900000004238 0.69 Нотни издания
  Не е изгубен Universal Decimal Classification Не е повреден само за читалня ползва се в читалня 769635 Регионална библиотека "Любен Каравелов" Русе Регионална библиотека "Любен Каравелов" Русе Хранилище 2020-05-14 Хранилище 1.35 17915/68 Цб М II 4900 900000008054 0.69 Нотни издания
Vip Innovations Ltd, Rousse, Bulgaria 2025